Loading...
| Fine Arts - Classical Music | 0 | 2 | 0 | 0 | 20 | 47 | 78.50 | 0 | 1 | 5.80 | 11.11 |
| Literature - European | 0 | 2 | 0 | 0 | 20 | 69 | 92.50 | 0 | 0 | 4.42 | 6.82 |
| Literature - World | 0 | 2 | 0 | 0 | 20 | 21 | 70.00 | 1 | 1 | 7.29 | 9.85 |
| History - European | 0 | 1 | 0 | 1 | 10 | 121 | 121.00 | 0 | 0 | 0.00 | 2.02 |
| Fine Arts - Other | 0 | 1 | 0 | 1 | 10 | 119 | 119.00 | 0 | 0 | 0.00 | 0.76 |
| History - Other | 0 | 1 | 0 | 1 | 10 | 108 | 108.00 | 0 | 0 | 0.00 | 1.01 |
| Literature - British | 0 | 1 | 0 | 0 | 10 | 80 | 80.00 | 0 | 0 | 2.71 | 2.02 |
| Science - Physics | 0 | 1 | 0 | 1 | 10 | 104 | 104.00 | 0 | 0 | 0.00 | 4.55 |
| Mythology | 0 | 1 | 0 | 1 | 10 | 109 | 109.00 | 0 | 0 | 0.47 | 0.76 |
| Popular Culture | 0 | 1 | 0 | 0 | 10 | 95 | 95.00 | 0 | 0 | 3.48 | 2.22 |
| Science - Biology | 0 | 1 | 0 | 0 | 10 | 70 | 70.00 | 0 | 0 | 2.97 | 1.65 |
| Science - Chemistry | 0 | 1 | 0 | 0 | 10 | 88 | 88.00 | 0 | 0 | 0.00 | 1.52 |
| Literature - American | 0 | 1 | 1 | 0 | 5 | 66 | 66.00 | 0 | 1 | 3.73 | 5.30 |
| Science - Other | 0 | 1 | 1 | 0 | 5 | 69 | 69.00 | 0 | 1 | 3.39 | 8.33 |